000
00232nam a2200097Ia 4500
008
240331s9999 xx 000 0 und d
082
_b
SHA
100
_a
Shanmugalingam,K
245
0
_a
Navina araciyal cintanai :
_b
arimukam
942
_c
L
999
_c
4728
_d
4728